000 01564cam a22003011i 4500
003 SA-RiAUC
005 20250114074813.0
008 250113s2012 ts g 00010 ara c
040 _aSA-JeALM
_bara
_cSA-RiAUC
_erda
082 0 4 _a258.2
_qSA-RiAUC
090 _a258.2
_bب ر ق
100 1 _aالبرقي، عبيد الله بن محمد بن عبد الله
_dتوفى 214 هـ
_eمؤلف.
245 1 0 _aزيادة اختلاف فقهاء الأمصار في المختصر الصغير لعبد الله بن حكيم /
_cأبو القاسم عبيد الله بن محمد بن عبد الله البرقي ؛ دراسة وتحقيق محمد بن عبد الله الحمادي.
250 _aالطبعة الأولى.
264 1 _aدبي، الإمارات العربية المتحدة :
_bجمعية دار البر،
_c2012
300 _a759 صفحة ؛
_c24 سم
336 _aنص
_btxt
_2rdacontent
_3كتاب
337 _aبدون وسيط
_bn
_2rdamedia
338 _aمجلد
_bnc
_2rdacarrier
490 _aجمعية دار البر للرسائل الجامعية
_v1
650 7 _aالفقه المالكي
_2aucsh
650 7 _aالفقه الإسلامي
_xمذاهب
_2aucsh
700 1 _aالحمادي، محمد عبد الله
_eمحقق.
700 1 2 _aابن عبد الحكم، عبد الله بن عبد الحكم بن أعين،
_d150-214 هجري.
_tالمختصر الصغير في الفقه.
740 2 2 _aالمختصر الصغير في الفقه.
942 _2ddc
_cBOOK
_n0
949 _aSA-JeALM
_d250113
_uosman123
_n1
999 _c4741
_d4741